000 00532nam a2200193Ia 4500
008 131103s9999 xx 000 0 und d
020 _a063113111x
040 _aLoreto College
041 _aEnglish
082 _a335.42/BEK
_bLCBKB/136
100 _aBekerman, Gerard
245 _aMarx and Engels
_b a conceptual concordance
_cGerard Bekerman
260 _aEngland
_bBlackwell Reference
_c1983
300 _axxix,205p.
_c 23cm.
504 _aIncludes index
650 _aMarxism
850 _aLCBKB/335.42/BEK
942 _cBK
999 _c34898
_d85377